LEADER 01330nam 2200481 450 001 9910672112103321 005 20201128102140.0 035 $a(CKB)4920000000519894 035 $a(MiAaPQ)EBC6773064 035 $a(OCoLC)1226772909 035 $a(FINmELB)ELB127104 035 $a(EXLCZ)994920000000519894 100 $a20201128d2019 uy 0 101 0 $aspa 135 $aurcnu|||||||| 181 $ctxt$2rdacontent/spa 182 $cc$2rdamedia/spa 183 $acr$2rdacarrier/spa 200 10$aMarketing para emprender /$fAlejandro Schnarch Kirberg 210 1$aBogota? :$cEdiciones de la U,$d2019. 215 $a1 recurso en li?nea (234 pa?ginas) 225 1 $aMarketing 311 $a958-792-062-7 311 $a958-792-044-9 320 $aContiene bibliografi?a. 410 0$aMarketing. 606 $aMarketing 606 $aEntrepreneurship 606 $aMarketing 606 $aEmprendimiento 608 $aLibros electronicos. 615 0$aMarketing. 615 0$aEntrepreneurship. 615 4$aMarketing. 615 4$aEmprendimiento. 676 $a658.8 700 $aSchnarch Kirberg$b Alejandro$01333638 801 0$bFINmELB 801 1$bFINmELB 906 $aBOOK 912 $a9910672112103321 996 $aMarketing para emprender$93050382 997 $aUNINA